[Event "FIDE TURNIR 2013"]
[Site "Ljubljana"]
[Date "2013.04.24"]
[Round "3.14"]
[White "Kovacic, Marko"]
[Black "Cop, Jaka"]
[Result "0-1"]
[WhiteElo "1612"]
[BlackElo "1703"]
[PlyCount "98"]
[EventDate "2013.04.24"]

1. e4 c5 2. Nf3 Nc6 3. Nc3 d6 4. h3 e6 5. Be2 Nf6 6. d3 Be7 7. O-O O-O 8. Re1
d5 9. exd5 exd5 10. d4 c4 11. a3 Be6 12. Be3 Qb6 13. Rb1 Qa5 14. Bd2 Qb6 15.
Be3 a6 16. Ne5 Rfd8 17. Bf3 Qa7 18. Nxc6 bxc6 19. Ne2 Rab8 20. c3 Bf5 21. Ra1
Rxb2 22. Bc1 Rb3 23. Qd2 Be4 24. Qe3 Bxf3 25. Qxf3 Ne4 26. a4 Bb4 27. Qg4 Nxc3
28. Bd2 Nxe2+ 29. Qxe2 Qd7 30. Bxb4 Rxb4 31. Qd2 Rdb8 32. Kh2 h6 33. Rec1 Qf5
34. Ra2 a5 35. Rcc2 Qg5 36. f4 Qf6 37. g3 Qe6 38. Qf2 Qd7 39. Qd2 Qf5 40. Qg2
Rb1 41. Rd2 c3 42. Rdc2 Qd3 43. Ra3 R8b3 44. Raa2 Qxd4 45. Re2 R3b2 46. Rc2
Rxa2 47. Rxa2 Rb2 48. Rxb2 cxb2 49. Qc2 Qb4 0-1

[Event "FIDE TURNIR 2013"]
[Site "Ljubljana"]
[Date "2013.04.24"]
[Round "3.15"]
[White "Unuk, Jan"]
[Black "Trplan, Filip"]
[Result "1-0"]
[WhiteElo "1573"]
[BlackElo "1324"]
[PlyCount "95"]
[EventDate "2013.04.24"]

1. d4 d5 2. c4 c6 3. Nc3 Nf6 4. Nf3 dxc4 5. e3 Bg4 6. Bxc4 e6 7. h3 Bh5 8. O-O
Bd6 9. Be2 O-O 10. Qc2 Bg6 11. Bd3 Nd5 12. Bxg6 hxg6 13. Ne4 Nf6 14. Nxd6 Qxd6
15. Nd2 Qd5 16. b3 Nbd7 17. Bb2 e5 18. Rfd1 exd4 19. Bxd4 Rfd8 20. Nc4 Qg5 21.
Qb2 b5 22. Ne5 Nxe5 23. Bxe5 Ne8 24. Rdc1 Rac8 25. Rc5 Qe7 26. Rac1 Qe6 27. Bd4
a6 28. Qc3 Rd6 29. Be5 Rdd8 30. Bg3 a5 31. Rxc6 Rxc6 32. Qxc6 Qxc6 33. Rxc6
Rd1+ 34. Kh2 Rd2 35. Ra6 Kh7 36. Rxa5 Nd6 37. Bxd6 Rxd6 38. Rxb5 Ra6 39. a4 Rd6
40. a5 Re6 41. Rb6 Re5 42. b4 Rd5 43. a6 Rd7 44. Rb7 Rd6 45. b5 Rd8 46. a7 Ra8
47. b6 Rd8 48. Rb8 1-0

[Event "FIDE TURNIR 2013"]
[Site "Ljubljana"]
[Date "2013.04.24"]
[Round "3.17"]
[White "Siraj, Anej"]
[Black "Drobnic, Rok"]
[Result "1-0"]
[WhiteElo "1460"]
[BlackElo "1235"]
[PlyCount "119"]
[EventDate "2013.04.24"]

1. e4 d6 2. d4 Nf6 3. Nc3 e5 4. dxe5 dxe5 5. Qxd8+ Kxd8 6. Bg5 Be7 7. O-O-O+
Bd7 8. Nf3 Nc6 9. Bb5 Bd6 10. Nd5 Ne7 11. Bxd7 Nxd7 12. Nxe7 Bxe7 13. Kb1 f6
14. Be3 Ke8 15. Rd2 Nb6 16. Rhd1 Rd8 17. Rxd8+ Bxd8 18. Nd2 Be7 19. Nb3 Na4 20.
f3 b6 21. Kc1 Kf7 22. Rd7 Rc8 23. Rd5 Rd8 24. Rxd8 Bxd8 25. Nd2 Be7 26. b3 Ba3+
27. Kd1 Nc3+ 28. Ke1 Ke6 29. Nc4 Bd6 30. a3 a5 31. Kd2 Na2 32. c3 Nb4 33. cxb4
Bxb4+ 34. Kd3 Kd7 35. Bd2 Bc5 36. Ne3 Bd4 37. Nf5 g6 38. Nxd4 exd4 39. Kxd4 Kd6
40. Bf4+ Kd7 41. e5 fxe5+ 42. Bxe5 c6 43. g4 Ke6 44. Bc7 c5+ 45. Ke4 Kd7 46.
Bxb6 Kc6 47. Bxa5 Kd6 48. a4 Kc6 49. Ke5 Kd7 50. Kd5 Kc8 51. Kxc5 Kb8 52. b4
Ka8 53. b5 Kb8 54. b6 Ka8 55. Kc6 Kb8 56. b7 Ka7 57. Bb6+ Kb8 58. a5 h5 59. a6
g5 60. a7# 1-0

[Event "FIDE TURNIR 2013"]
[Site "Ljubljana"]
[Date "2013.04.24"]
[Round "3.18"]
[White "Bogataj, Tomaz"]
[Black "Markosek, Maj"]
[Result "0-1"]
[WhiteElo "1723"]
[BlackElo "1656"]
[PlyCount "42"]
[EventDate "2013.04.24"]

1. d4 Nf6 2. c4 e6 3. Nf3 b6 4. Nc3 Bb4 5. Bd2 Bb7 6. e3 d6 7. Be2 Nbd7 8. O-O
O-O 9. a3 Bxc3 10. Bxc3 c5 11. b4 Ne4 12. Bb2 Qe7 13. dxc5 bxc5 14. b5 f5 15.
Qc2 e5 16. Rad1 Rf6 17. g3 Rh6 18. Nh4 Qxh4 19. gxh4 Rg6+ 20. Bg4 Rxg4+ 21. Kh1
Nxf2# 0-1

[Event "FIDE TURNIR 2013"]
[Site "Ljubljana"]
[Date "2013.04.24"]
[Round "3.19"]
[White "Drobnic, Simona"]
[Black "Marn, Jan"]
[Result "1-0"]
[WhiteElo "1347"]
[BlackElo "1384"]
[PlyCount "103"]
[EventDate "2013.04.24"]

1. e4 e5 2. Nf3 Nc6 3. Nc3 Nf6 4. Bb5 d6 5. Bxc6+ bxc6 6. d3 Be7 7. Be3 c5 8.
O-O O-O 9. Rb1 Rb8 10. a3 a5 11. Qd2 c6 12. h3 Qc7 13. Ne2 d5 14. c3 d4 15. Bg5
Be6 16. Bh4 Rb7 17. Bg3 Bd6 18. Bh4 Nd7 19. cxd4 cxd4 20. Rfc1 Rfb8 21. Nexd4
exd4 22. Nxd4 Bf4 23. Bg3 Bxd2 24. Bxc7 Bxc1 25. Bxb8 Nxb8 26. Rxc1 Rxb2 27.
Nxc6 Nxc6 28. Rxc6 Kf8 29. Ra6 Rb3 30. Rxa5 Rxd3 31. a4 Bb3 32. Ra8+ Ke7 33. a5
Rd4 34. f3 Bc4 35. a6 Rd6 36. a7 Ra6 37. Kf2 Bb5 38. Rh8 h6 39. a8=Q Rxa8 40.
Rxa8 Kf6 41. Kg3 Kg5 42. Ra5 f5 43. Rxb5 g6 44. exf5 gxf5 45. f4+ Kg6 46. Kh4
Kf6 47. Kh5 Kg7 48. Rxf5 Kh7 49. Rf7+ Kg8 50. Kg6 h5 51. h4 Kh8 52. Rf8# 1-0

[Event "FIDE TURNIR 2013"]
[Site "Ljubljana"]
[Date "2013.04.23"]
[Round "3.20"]
[White "Sivcevic, Nusret"]
[Black "Kamensek, Ivan"]
[Result "1/2-1/2"]
[WhiteElo "1840"]
[BlackElo "1725"]
[PlyCount "179"]
[EventDate "2013.04.24"]

1. f3 d5 2. d4 e6 3. Bf4 c5 4. e3 Nf6 5. Bb5+ Nbd7 6. Ne2 a6 7. Bxd7+ Bxd7 8.
g4 cxd4 9. Qxd4 Rc8 10. Nbc3 Bc5 11. Qd2 Bc6 12. Nd4 b5 13. a3 Bb7 14. b4 Bd6
15. Bg3 Qc7 16. Nce2 O-O 17. c3 g6 18. Kf2 e5 19. Nb3 Nd7 20. Rhd1 Nb6 21. e4
Nc4 22. Qh6 dxe4 23. fxe4 Bxe4 24. Nd2 Qb6+ 25. Ke1 Bd3 26. Nxc4 bxc4 27. Bf2
Qc6 28. Ng3 Rcd8 29. Rxd3 cxd3 30. Kd2 Qf3 31. Rf1 Qf4+ 32. Be3 Qxg4 33. Rf2
Qc4 34. Nf5 Qa2+ 35. Kd1 Qb1+ 36. Bc1 Qb3+ 37. Ke1 Qxc3+ 38. Kf1 e4 39. Bb2 d2
40. Rxd2 Qf3+ 41. Rf2 Qd1+ 42. Kg2 Qg4+ 43. Ng3 f6 44. Qe3 Be5 45. Bxe5 fxe5
46. Rxf8+ Rxf8 47. Qxe4 Qxe4+ 48. Nxe4 h6 49. Nc5 Rf6 50. Kg3 Kf7 51. Nd7 Re6
52. Kf3 Ke7 53. Nc5 Rc6 54. Ke4 Rb6 55. Kxe5 a5 56. Nd3 Rb5+ 57. Kf4 Kd6 58. h4
Rd5 59. Ke3 axb4 60. axb4 Rh5 61. Nf4 Rxh4 62. Nxg6 Rxb4 63. Kf3 Ke6 64. Kg3
Kf5 65. Nh4+ Kg5 66. Nf3+ Kf6 67. Nh4 h5 68. Nf3 Rg4+ 69. Kh3 Kf5 70. Nh4+ Kf4
71. Ng2+ Kf3 72. Nh4+ Kf2 73. Nf5 Rg1 74. Kh4 Rh1+ 75. Kg5 Kf3 76. Nh4+ Ke4 77.
Ng6 Kf3 78. Nh4+ Ke3 79. Nf5+ Kd3 80. Ng3 Rg1 81. Kh4 Ke3 82. Nxh5 Ke4 83. Ng3+
Kf3 84. Nh5 Rg8 85. Nf6 Rg7 86. Nh5 Rg4+ 87. Kh3 Rb4 88. Nf6 Rb1 89. Kh4 Kf4
90. Nh5+ 1/2-1/2

[Event "FIDE TURNIR 2013"]
[Site "Ljubljana"]
[Date "2013.05.08"]
[Round "4.2"]
[White "Sajn, Simon"]
[Black "Milicevic, David"]
[Result "1-0"]
[WhiteElo "2045"]
[BlackElo "1660"]
[PlyCount "61"]
[EventDate "2013.05.08"]

1. d4 d5 2. c4 c6 3. Nc3 Nf6 4. Nf3 dxc4 5. a4 Bf5 6. e3 e6 7. Bxc4 Bb4 8. O-O
h6 9. Qb3 Qe7 10. Ne5 O-O 11. f3 Bd6 12. e4 Bh7 13. Nd3 Bc7 14. e5 Bxd3 15.
Bxd3 Qd7 16. Be3 Nd5 17. Nxd5 Qxd5 18. Bc4 Qa5 19. Qxb7 Nd7 20. Qxc6 Rfd8 21.
Qe4 Nb6 22. Bd3 Qb4 23. Qh7+ Kf8 24. Qh8+ Ke7 25. Qxg7 Rg8 26. Qf6+ Ke8 27.
Bb5+ Nd7 28. Bxd7+ Kxd7 29. Qxf7+ Kc6 30. Rac1+ Kd5 31. Rc5+ 1-0

[Event "FIDE TURNIR 2013"]
[Site "Ljubljana"]
[Date "2013.05.08"]
[Round "4.3"]
[White "Drobnic, Milan"]
[Black "Jelen, Miha"]
[Result "1-0"]
[WhiteElo "1789"]
[BlackElo "1544"]
[PlyCount "45"]
[EventDate "2013.05.08"]

1. d4 d5 2. c4 e6 3. Nc3 c5 4. cxd5 exd5 5. Nf3 Nc6 6. g3 Nf6 7. Bg2 Be7 8. O-O
O-O 9. Bg5 Be6 10. Rc1 b6 11. Qa4 Qd7 12. Ne5 Nxe5 13. dxe5 Qxa4 14. Nxa4 Bd7
15. exf6 gxf6 16. Bh6 Bxa4 17. Bxf8 Bxf8 18. Bxd5 Rd8 19. e4 Bh6 20. f4 f5 21.
b3 Bd7 22. Rfd1 fxe4 23. Bc6 1-0

[Event "FIDE TURNIR 2013"]
[Site "Ljubljana"]
[Date "2013.05.08"]
[Round "4.4"]
[White "Unuk, Robert"]
[Black "Ocepek, Jan"]
[Result "1-0"]
[WhiteElo "1458"]
[BlackElo "1500"]
[PlyCount "91"]
[EventDate "2013.05.08"]

1. Nf3 c5 2. c4 Nc6 3. Nc3 d6 4. g3 e6 5. Bg2 Nf6 6. O-O Be7 7. d4 cxd4 8. Nxd4
O-O 9. e3 Bd7 10. a3 a6 11. b4 Rc8 12. Bb2 h6 13. Rc1 Qb6 14. Na4 Qa7 15. c5
dxc5 16. Nxc5 Bxc5 17. Rxc5 Ne7 18. Rxc8 Rxc8 19. Qd2 b5 20. Rc1 Qb8 21. Nb3
Rxc1+ 22. Bxc1 Qc8 23. Nd4 Qc7 24. Bb2 Ned5 25. Nb3 Bc6 26. Bd4 e5 27. Bb2 Qd6
28. e4 Nxe4 29. Bxe4 Qe6 30. Nc5 Qd6 31. Nxa6 Qd7 32. Nb8 Qd6 33. Nxc6 Qxc6 34.
Bxe5 Qd7 35. Qxd5 Qxd5 36. Bxd5 Kf8 37. Bc6 Ke7 38. Bxb5 Kf8 39. Bd6+ Kg8 40.
a4 Kh8 41. a5 Kg8 42. a6 Kh8 43. a7 Kg8 44. Bc4 Kh8 45. Bd3 Kg8 46. a8=R# 1-0

[Event "FIDE TURNIR 2013"]
[Site "Ljubljana"]
[Date "2013.05.08"]
[Round "4.5"]
[White "Trcek, Alojzij"]
[Black "Unuk, Laura"]
[Result "0-1"]
[WhiteElo "1657"]
[BlackElo "2008"]
[PlyCount "98"]
[EventDate "2013.05.08"]

1. d4 e6 2. c4 f5 3. Nf3 Nf6 4. Bg5 Bb4+ 5. Nc3 O-O 6. Qb3 a5 7. a3 Bxc3+ 8.
Qxc3 d6 9. Nd2 Nbd7 10. f4 Qe8 11. e3 b6 12. Be2 Bb7 13. Rg1 e5 14. O-O-O exd4
15. Qxd4 Nc5 16. Bxf6 Rxf6 17. g4 Qe7 18. gxf5 Rxf5 19. Kb1 Re8 20. Rg3 g6 21.
Rdg1 Qg7 22. Qxg7+ Kxg7 23. h4 Rf6 24. Bg4 Be4+ 25. Nxe4 Rxe4 26. Rc1 Nb3 27.
Rc2 a4 28. h5 Rfxf4 29. h6+ Kf8 30. Bh3 Rf6 31. Re2 Rxc4 32. Rc2 Rxc2 33. Kxc2
Rf2+ 34. Kc3 Nd2 35. Bg2 Nb1+ 36. Kc4 Rxb2 37. Rf3+ Ke7 38. Bh3 Nd2+ 39. Kc3
Nxf3 40. Kxb2 Ng5 41. Bg2 Nf7 42. Bc6 Nxh6 43. Bxa4 Ng4 44. e4 Nf2 45. Bc6 h5
46. Kc2 h4 47. Kd2 h3 48. Ke2 h2 49. e5 h1=Q 0-1

[Event "FIDE TURNIR 2013"]
[Site "Ljubljana"]
[Date "2013.05.08"]
[Round "4.6"]
[White "Susa, Maks"]
[Black "Bojko, Filip"]
[Result "1-0"]
[WhiteElo "1376"]
[BlackElo "1509"]
[PlyCount "95"]
[EventDate "2013.05.08"]

1. e4 e5 2. Nf3 Nc6 3. Nc3 d6 4. d4 Bg4 5. d5 Bxf3 6. Qxf3 Nd4 7. Qd1 c6 8. Be3
Qb6 9. Rb1 Nf6 10. Bc4 Qb4 11. Bxd4 Qxc4 12. Be3 Nxe4 13. dxc6 bxc6 14. Nxe4
Qxe4 15. O-O Be7 16. Re1 Qg6 17. Qd2 O-O 18. Qc3 Rfc8 19. Rbd1 c5 20. Rd5 Qe6
21. Qd2 f5 22. f4 e4 23. b3 Rc6 24. c4 Rac8 25. Qa5 a6 26. Qd2 Qg6 27. Qf2 Qh5
28. Red1 Qg6 29. Qe2 h5 30. h3 Qf7 31. Qf2 Qg6 32. Kh2 a5 33. Rb1 Rb8 34. Rd2
a4 35. Rdd1 axb3 36. Rxb3 Rxb3 37. axb3 Rb6 38. Rb1 Qf6 39. Qc2 Ra6 40. b4 Ra1
41. Rxa1 Qxa1 42. b5 Qa3 43. Qd2 Qb3 44. Qe2 h4 45. Qd2 Qxc4 46. b6 Qb5 47.
Qd5+ Kh8 48. Qa8+ 1-0

[Event "FIDE TURNIR 2013"]
[Site "Ljubljana"]
[Date "2013.05.08"]
[Round "4.7"]
[White "Piciga, Aleksander"]
[Black "Siraj, Anej"]
[Result "0-1"]
[WhiteElo "1368"]
[BlackElo "1460"]
[PlyCount "90"]
[EventDate "2013.05.08"]

1. e4 e5 2. Nf3 Nc6 3. Bb5 Bc5 4. O-O Nf6 5. d3 d6 6. c3 O-O 7. Bg5 h6 8. Bh4
a6 9. Bc4 Be6 10. Bxe6 fxe6 11. Qb3 Qc8 12. Nbd2 Na5 13. Qc2 Qe8 14. b4 Ng4 15.
bxc5 g5 16. Bg3 Qg6 17. h3 Nf6 18. cxd6 cxd6 19. Qa4 Nc6 20. Qb3 Qf7 21. Rab1
Rab8 22. Rfc1 Qe7 23. Nc4 b5 24. Ncd2 Rfe8 25. Qa3 Rb6 26. Nc4 Rbb8 27. Qxa6
bxc4 28. Qxc6 cxd3 29. Rxb8 Rxb8 30. Qc4 Rb2 31. Rd1 Nh5 32. Bh2 Nf6 33. Qxd3
Rxa2 34. Qxd6 Qxd6 35. Rf1 Nxe4 36. Nxe5 Qc5 37. Nd3 Qxc3 38. Rd1 Qc2 39. Re1
Qxd3 40. f3 Qd4+ 41. Kh1 Qf2 42. Rg1 Nc3 43. Be5 Ne2 44. Rd1 Ng3+ 45. Bxg3
Qxg2# 0-1

[Event "FIDE TURNIR 2013"]
[Site "Ljubljana"]
[Date "2013.05.14"]
[Round "4.8"]
[White "Cop, Jaka"]
[Black "More, Erlend"]
[Result "1/2-1/2"]
[WhiteElo "1703"]
[BlackElo "1646"]
[PlyCount "58"]
[EventDate "2013.05.08"]

1. e4 c6 2. d4 d5 3. e5 Bf5 4. Bd3 Bxd3 5. Qxd3 e6 6. Ne2 Qa5+ 7. Nd2 c5 8. c3
Qa6 9. Qf3 Nc6 10. a3 Qb6 11. Qd3 Nge7 12. b4 cxb4 13. cxb4 Nf5 14. Nb3 a5 15.
b5 Na7 16. a4 Bb4+ 17. Bd2 O-O 18. O-O Bxd2 19. Qxd2 Nc8 20. Nc5 Re8 21. Rac1
Nce7 22. Qg5 Rad8 23. Rc3 Qa7 24. Rfc1 h6 25. Qd2 Rc8 26. Nb3 b6 27. Rxc8 Rxc8
28. Rxc8+ Nxc8 29. Qc3 Nce7 1/2-1/2

[Event "FIDE TURNIR 2013"]
[Site "Ljubljana"]
[Date "2013.05.14"]
[Round "4.9"]
[White "Sivcevic, Nusret"]
[Black "Novak, Anze"]
[Result "0-1"]
[WhiteElo "1840"]
[BlackElo "1500"]
[PlyCount "88"]
[EventDate "2013.05.08"]

1. f3 e5 2. e4 Nc6 3. Nc3 Bc5 4. Bc4 Bxg1 5. Rxg1 Nf6 6. d3 h6 7. Be3 Na5 8.
Qd2 Nxc4 9. dxc4 d6 10. O-O-O b6 11. g4 Nd7 12. Qd5 Rb8 13. g5 Bb7 14. Qd2 h5
15. g6 f6 16. Nb5 a6 17. Nxd6+ cxd6 18. Qxd6 Nc5 19. Bxc5 bxc5 20. Qe6+ Qe7 21.
Qf7+ Qxf7 22. gxf7+ Kf8 23. Rd7 g5 24. Rgd1 Rh7 25. Rc7 Rxf7 26. Rdd7 Rxd7 27.
Rxd7 g4 28. fxg4 hxg4 29. Rh7 Kg8 30. Rh4 Bc8 31. c3 Be6 32. a3 a5 33. Kc2 Rb7
34. Kc1 a4 35. Kc2 Rb3 36. Kc1 Rb6 37. Kc2 Rb7 38. Kc1 Rg7 39. Rh6 Rf7 40. Rh4
Rh7 41. Rxh7 Kxh7 42. Kc2 Bxc4 43. Kd2 Kg6 44. Ke3 Kg5 0-1

[Event "FIDE TURNIR 2013"]
[Site "Ljubljana"]
[Date "2013.05.14"]
[Round "4.10"]
[White "Hrescak, Ivana"]
[Black "Vidic, Teja"]
[Result "0-1"]
[WhiteElo "1786"]
[BlackElo "1894"]
[PlyCount "86"]
[EventDate "2013.05.08"]

1. d4 Nf6 2. c4 e6 3. a3 c5 4. d5 exd5 5. cxd5 d6 6. Nc3 g6 7. e4 Bg7 8. Nf3
Bg4 9. Be2 Bxf3 10. Bxf3 O-O 11. O-O a6 12. a4 Re8 13. Re1 Nbd7 14. Bf4 Ne5 15.
Qb3 Nxf3+ 16. gxf3 Nh5 17. Bg3 Rb8 18. Qc2 Be5 19. Qd2 Qf6 20. Nd1 Qxf3 21. Re3
Qg4 22. Kh1 Nxg3+ 23. fxg3 Bd4 24. Qe2 Qxe2 25. Rxe2 f5 26. Nc3 Bxc3 27. bxc3
Rxe4 28. Rxe4 fxe4 29. Re1 Re8 30. c4 Kg7 31. Rf1 e3 32. Kg2 Re4 33. Rf4 Rd4
34. Kf3 g5 35. Rf5 Rxc4 36. Rxg5+ Kf6 37. Rg8 Re4 38. Ke2 Rxa4 39. Kxe3 Rd4 40.
Rb8 b5 41. Rb6 Rxd5 42. Rxa6 c4 43. Ke4 Ke6 0-1

[Event "FIDE TURNIR 2013"]
[Site "Ljubljana"]
[Date "2013.05.08"]
[Round "4.11"]
[White "Straze, Matija"]
[Black "Subelj, Jan"]
[Result "1-0"]
[WhiteElo "1588"]
[BlackElo "1503"]
[PlyCount "139"]
[EventDate "2013.05.08"]

1. e4 e5 2. Nf3 Nc6 3. Bc4 Bc5 4. O-O Nf6 5. d3 d6 6. h3 h6 7. Nc3 Be6 8. Bb3
O-O 9. Be3 Bb6 10. Qd2 Kh7 11. Kh1 Nh5 12. Nh2 Bxe3 13. Qxe3 Nd4 14. Rac1 Nf4
15. Nf3 Nxf3 16. Qxf3 Qh4 17. Ne2 Nxh3 18. gxh3 Bxh3 19. Qg3 Qxg3 20. Nxg3 Bxf1
21. Rxf1 c6 22. f4 f6 23. Kg2 a5 24. a3 Rae8 25. Kf3 exf4 26. Kxf4 Re5 27. Nf5
Ree8 28. c4 c5 29. Rh1 Re6 30. Ke3 Ra8 31. a4 Ra6 32. Kf3 Rb6 33. Bc2 Rxb2 34.
Rh2 Ra2 35. Ke3 Ra1 36. Kd2 Rf1 37. Rg2 g6 38. Nh4 g5 39. Nf5 Rh1 40. Bd1 Kg6
41. Bf3 Ra1 42. Bd1 Ra2+ 43. Bc2 h5 44. Rg1 Rb2 45. Ne3 h4 46. Nd5 Kh5 47. Kc3
Rxc2+ 48. Kxc2 h3 49. Ne3 Re7 50. Nf5 Rh7 51. Kd2 h2 52. Rh1 Kg4 53. Ke2 Kh3
54. Kf2 g4 55. Ng3 Rg7 56. Rd1 Rg5 57. Re1 Re5 58. Re3 Kh4 59. Kg2 Re7 60. Nf5+
Kg5 61. Nxe7 b6 62. Kxh2 Kf4 63. Rg3 Kg5 64. Nf5 Kf4 65. Nh6 f5 66. exf5 Kg5
67. Rxg4+ Kf6 68. Rg6+ Ke7 69. f6+ Kf8 70. Rg8# 1-0

[Event "FIDE TURNIR 2013"]
[Site "Ljubljana"]
[Date "2013.05.08"]
[Round "4.12"]
[White "Pridigar, Lovro"]
[Black "Unuk, Jan"]
[Result "1/2-1/2"]
[WhiteElo "1558"]
[BlackElo "1573"]
[PlyCount "88"]
[EventDate "2013.05.08"]

1. d4 f5 2. c4 e6 3. Nc3 Nf6 4. Nf3 Be7 5. Bg5 O-O 6. e3 d6 7. Be2 b6 8. O-O
Bb7 9. b4 Nbd7 10. a3 Qe8 11. Qb3 h6 12. Bxf6 Rxf6 13. Rac1 a6 14. Na4 g5 15.
c5 b5 16. Nb2 dxc5 17. bxc5 Bc6 18. Ne5 Bd5 19. Qc3 Nxe5 20. dxe5 Rf8 21. Nd3
Bc4 22. Rfd1 Bxc5 23. Bf3 Bxe3 24. fxe3 c6 25. Nb4 c5 26. Bxa8 cxb4 27. Qxb4
Qxa8 28. Rd7 Rd8 29. Rc7 Qe4 30. Qc5 Bd5 31. Rc2 Qxe5 32. Rc8 Qf6 33. Qc7 Rxc8
34. Qxc8+ Qf8 35. Qxa6 Bc4 36. Rd2 Qc5 37. Qa8+ Kf7 38. Rd7+ Kg6 39. Qg8+ Kh5
40. Qe8+ Kg4 41. Rd4+ f4 42. h3+ Kg3 43. Qh5 Qf5 44. e4 f3 1/2-1/2

[Event "FIDE TURNIR 2013"]
[Site "Ljubljana"]
[Date "2013.05.08"]
[Round "4.13"]
[White "Kamensek, Ivan"]
[Black "Suljanovic, Zuhdija"]
[Result "1/2-1/2"]
[WhiteElo "1725"]
[BlackElo "1926"]
[PlyCount "171"]
[EventDate "2013.05.08"]

1. d4 Nf6 2. c4 d5 3. Nc3 c6 4. Nf3 dxc4 5. a4 Bf5 6. e3 e6 7. Bxc4 Be7 8. O-O
O-O 9. Qb3 b6 10. h3 Nbd7 11. Nh4 Be4 12. Nxe4 Nxe4 13. Nf3 Ndf6 14. Rd1 Qd6
15. Qc2 Rac8 16. b3 Bd8 17. Ba3 Qd7 18. Bxf8 Kxf8 19. Bd3 Qd5 20. Ne5 c5 21.
Ba6 Rc7 22. dxc5 Qxe5 23. Rxd8+ Ke7 24. Rad1 Rxc5 25. Qd3 Rc3 26. Qb5 Rc5 27.
Qd3 Rc3 28. Qd4 Qxd4 29. R8xd4 Rxb3 30. Bb7 Nc5 31. Bc6 a6 32. Kf1 g6 33. Ke2
Rc3 34. Rb4 Nfd7 35. f3 a5 36. Rb2 Ne5 37. Rxb6 Nc4 38. Rb8 Rc2+ 39. Ke1 Nxe3
40. Rd2 Nxg2+ 41. Ke2 Nf4+ 42. Kd1 Rc3 43. Be4 Nxa4 44. Rc2 Ra3 45. Rb7+ Kf6
46. Kd2 Nxh3 47. Rcc7 Ng5 48. Rc4 Ra2+ 49. Rc2 Rxc2+ 50. Bxc2 Nc5 51. Rb5 Nd7
52. Ke3 Ne5 53. f4 Ng4+ 54. Ke2 Nh3 55. Kf3 h5 56. Rxa5 Ng1+ 57. Ke4 h4 58. Ra1
Nf2+ 59. Ke3 Ng4+ 60. Ke4 Nh3 61. Kf3 Nhf2 62. Rg1 h3 63. Rxg4 Nxg4 64. Kxg4 h2
65. Be4 e5 66. fxe5+ Kxe5 67. Bb7 f6 68. Kg3 f5 69. Kxh2 Kf4 70. Kg2 g5 71. Bc8
g4 72. Bxf5 Kxf5 73. Kg3 Kg5 74. Kg2 Kf4 75. Kf2 g3+ 76. Kg2 Kg4 77. Kg1 Kf4
78. Kg2 Kg4 79. Kg1 Kf3 80. Kf1 Ke3 81. Kg2 Kf4 82. Kg1 Kg4 83. Kg2 Kh4 84. Kg1
Kg5 85. Kg2 Kf4 86. Kg1 1/2-1/2

[Event "FIDE TURNIR 2013"]
[Site "Ljubljana"]
[Date "2013.05.08"]
[Round "4.14"]
[White "Markosek, Maj"]
[Black "Korosec, Stefan"]
[Result "1-0"]
[WhiteElo "1656"]
[BlackElo "1727"]
[PlyCount "111"]
[EventDate "2013.05.08"]

1. d4 Nf6 2. c4 g6 3. Nc3 e6 4. e4 d6 5. f3 Bg7 6. Be3 O-O 7. Qd2 e5 8. Nge2 c6
9. d5 cxd5 10. cxd5 Nbd7 11. Ng3 Nb6 12. Be2 Bd7 13. O-O Ne8 14. f4 f5 15. fxe5
dxe5 16. Bc5 Rf7 17. Rad1 Rc8 18. Ba3 f4 19. Nh1 Nc4 20. Bxc4 Rxc4 21. Qe2 Rc8
22. Rd2 Qg5 23. Rf3 Bg4 24. Nf2 Bxf3 25. Qxf3 Rd7 26. Nd3 b6 27. Rd1 Nd6 28.
Qh3 Rcd8 29. b3 Rf7 30. Qf3 h5 31. Nb4 Qg4 32. Qxg4 hxg4 33. Nc6 Rdd7 34. Nb8
Rc7 35. Nc6 Nb7 36. Nb5 Rcd7 37. Nbxa7 Nc5 38. Bxc5 bxc5 39. Nb5 f3 40. g3 f2+
41. Kf1 Rf3 42. d6 Rf8 43. Nc7 Bf6 44. a4 Rc8 45. Rd5 Rdxc7 46. dxc7 Rxc7 47.
Rxc5 Bg5 48. Kxf2 Bd2 49. Rc4 Rb7 50. b4 Rc7 51. b5 Rf7+ 52. Ke2 Bh6 53. a5 Rf3
54. b6 Re3+ 55. Kd1 Rb3 56. Rb4 1-0

[Event "FIDE TURNIR 2013"]
[Site "Ljubljana"]
[Date "2013.05.08"]
[Round "4.15"]
[White "Drobnic, Simona"]
[Black "Cerne, Peter"]
[Result "1/2-1/2"]
[WhiteElo "1347"]
[BlackElo "1417"]
[PlyCount "28"]
[EventDate "2013.05.08"]

1. d4 d5 2. c4 c6 3. Nc3 Nf6 4. Nf3 g6 5. Bf4 Bg7 6. e3 O-O 7. Bd3 e6 8. O-O
Nh5 9. Bg3 Nxg3 10. fxg3 Nd7 11. e4 e5 12. exd5 exd4 13. dxc6 dxc3 14. cxd7
Qb6+ 1/2-1/2

[Event "FIDE TURNIR 2013"]
[Site "Ljubljana"]
[Date "2013.05.08"]
[Round "4.16"]
[White "Sketa, Mark"]
[Black "Krejic, Nik"]
[Result "0-1"]
[WhiteElo "1501"]
[BlackElo "1603"]
[PlyCount "56"]
[EventDate "2013.05.08"]

1. e4 d5 2. exd5 Qxd5 3. Nc3 Qd6 4. Nf3 Nf6 5. g3 c6 6. Bg2 Bg4 7. O-O e6 8. d4
Qc7 9. Re1 Be7 10. a4 O-O 11. Qd3 Bf5 12. Qe2 Nbd7 13. Nh4 Bg4 14. f3 Bh5 15.
g4 Bg6 16. Nxg6 hxg6 17. b3 Bb4 18. Qc4 Qa5 19. Re3 Nb6 20. Qd3 Rfd8 21. Re5
Qxe5 22. dxe5 Rxd3 23. cxd3 Bxc3 24. Ra2 Bxe5 25. Re2 Bd4+ 26. Kf1 Nbd5 27. Bg5
Nd7 28. Re4 e5 0-1

[Event "FIDE TURNIR 2013"]
[Site "Ljubljana"]
[Date "2013.05.08"]
[Round "4.17"]
[White "Straze, Jurij"]
[Black "Malkoc, Tilen"]
[Result "1-0"]
[WhiteElo "1353"]
[BlackElo "1337"]
[PlyCount "58"]
[EventDate "2013.05.08"]

1. e4 e5 2. Nc3 Bc5 3. Qh5 d6 4. Bc4 Qe7 5. Nd5 Qd8 6. Nb6 Bxf2+ 7. Ke2 Nh6 8.
Nxa8 Bg4+ 9. Qxg4 Nxg4 10. h3 Bxg1 11. Rxg1 Nf6 12. d3 Nc6 13. Nxc7+ Qxc7 14.
Bg5 Nd4+ 15. Kd2 Nd7 16. Rgf1 f6 17. Be3 Nc5 18. a4 Nxe4+ 19. Kd1 d5 20. Bxd4
dxc4 21. Bxa7 cxd3 22. cxd3 b6 23. Bxb6 Qxb6 24. dxe4 Qxb2 25. Rc1 O-O 26. Ke1
Rd8 27. Rd1 Qc3+ 28. Kf2 Qc2+ 29. Ke1 Rxd1# 1-0

[Event "FIDE TURNIR 2013"]
[Site "Ljubljana"]
[Date "2013.05.08"]
[Round "4.18"]
[White "Novakovic, Gosto"]
[Black "Bogataj, Tomaz"]
[Result "0-1"]
[WhiteElo "1819"]
[BlackElo "1723"]
[PlyCount "92"]
[EventDate "2013.05.08"]

1. e4 e6 2. d4 d5 3. e5 c5 4. c3 Nc6 5. Nf3 h6 6. Bd3 Bd7 7. O-O Qc7 8. Be3 c4
9. Bc2 O-O-O 10. Nbd2 g5 11. b3 Na5 12. bxc4 dxc4 13. Rb1 Bc6 14. Qe2 Bd5 15.
Ne4 Qc6 16. Nfd2 Be7 17. Qd1 f5 18. exf6 Nxf6 19. f3 b6 20. Nxf6 Bxf6 21. Ba4
Qc7 22. Qe2 Kb7 23. Rb2 Be7 24. Rfb1 Bd6 25. g3 Rhf8 26. Rb5 Ka8 27. Bc2 Rf6
28. Be4 Qc6 29. Rxa5 bxa5 30. Nxc4 Bxe4 31. Nb6+ Kb7 32. fxe4 axb6 33. d5 exd5
34. Bxb6 Qxb6+ 35. Rxb6+ Kxb6 36. Qb2+ Kc6 37. exd5+ Kc7 38. Qb5 Rb8 39. Qxa5+
Kd7 40. c4 Rc8 41. Qb5+ Ke7 42. a4 g4 43. Qa6 Bc5+ 44. Kg2 Rf2+ 45. Kh1 Rf1+
46. Kg2 Rg1# 0-1

[Event "FIDE TURNIR 2013"]
[Site "Ljubljana"]
[Date "2013.05.08"]
[Round "4.19"]
[White "Marn, Jan"]
[Black "Kovacic, Marko"]
[Result "0-1"]
[WhiteElo "1384"]
[BlackElo "1612"]
[PlyCount "64"]
[EventDate "2013.05.08"]

1. e4 e5 2. Nf3 d6 3. d4 exd4 4. Nxd4 Bd7 5. Nc3 Nc6 6. Be3 a6 7. Bc4 Ne5 8.
Bd3 h6 9. Qe2 Nf6 10. h3 b5 11. a3 c5 12. Nf3 c4 13. Nxe5 dxe5 14. Bxc4 bxc4
15. Qxc4 Be7 16. O-O O-O 17. Rad1 Qb8 18. b4 Rc8 19. Bc5 Bxc5 20. bxc5 Bb5 21.
Nxb5 axb5 22. Qd3 Rxc5 23. f3 Qb6 24. Kh1 Qc6 25. Rf2 Rc3 26. Qe2 Rcxa3 27. Rb1
Ra1 28. Rxa1 Rxa1+ 29. Kh2 Ra2 30. Qd2 Qc4 31. Qd8+ Kh7 32. Qd2 b4 0-1

[Event "FIDE TURNIR 2013"]
[Site "Ljubljana"]
[Date "2013.05.08"]
[Round "4.20"]
[White "Trplan, Filip"]
[Black "Drobnic, Rok"]
[Result "1/2-1/2"]
[WhiteElo "1324"]
[BlackElo "1235"]
[PlyCount "44"]
[EventDate "2013.05.08"]

1. e4 d6 2. d4 Nf6 3. Nc3 e5 4. dxe5 dxe5 5. Qxd8+ Kxd8 6. Bg5 Be6 7. Nf3 Nbd7
8. O-O-O Kc8 9. Bxf6 gxf6 10. Bb5 c6 11. Ba4 Kc7 12. Bb3 Bc5 13. Bxe6 fxe6 14.
Rd2 Rhg8 15. g3 Rad8 16. a3 a5 17. h3 Nb6 18. Rhd1 Nc4 19. Rxd8 Rxd8 20. Rxd8
Kxd8 21. Nd1 Nd6 22. Nd2 f5 1/2-1/2